[Event "VI Sunway Sitges Open 2019"]
[Site "Sitges"]
[Date "2019.12.18"]
[Round "6.25"]
[White "Cernousek, Lukas"]
[Black "Harutyunian, Tigran K."]
[Result "0-1"]
[WhiteElo "2454"]
[BlackElo "2540"]
[Annotator "ChessBase"]
[PlyCount "84"]
[EventDate "2019.12.13"]
[EventType "swiss"]
[EventCountry "ESP"]
[SourceTitle "playchess.com"]
[Source "ChessBase"]
[SourceQuality "1"]
[TimeControl "40/5400+30:1800+30"]

1. d4 {[%emt 0:00:00]} Nf6 {[%emt 0:03:09]} 2. c4 {[%emt 0:00:00]} g6 {[%emt 0:00:40]} 3. g3 {[%emt 0:00:00]} Bg7 {[%emt 0:00:42]} 4. Bg2 {[%emt 0:00:00]} O-O {[%emt 0:00:27]} 5. Nc3 {[%emt 0:00:20]} d6 {[%emt 0:04:24]} 6. Nf3 {[%emt 0:00:07]} c6 {[%emt 0:01:39]} 7. O-O {[%emt 0:00:12]} Bf5 {[%emt 0:00:37]} 8. Ng5 {[%emt 0:00:54]} e5 {[%emt 0:06:53]} 9. d5 {[%emt 0:11:37]} h6 {[%emt 0:03:15]} 10. dxc6 {[%emt 0:00:00]} bxc6 {[%emt 0:10:16]} 11. Nge4 {[%emt 0:08:21]} Nxe4 {[%emt 0:11:14]} 12. Nxe4 {[%emt 0:00:00]} Bxe4 {[%emt 0:00:19]} 13. Bxe4 {[%emt 0:00:00]} a5 {[%emt 0:26:12]} 14. Bg2 {[%emt 0:14:30]} Qc7 {[%emt 0:00:00]} 15. Qa4 {[%emt 0:07:10]} Rc8 {[%emt 0:18:39]} 16. Bd2 {[%emt 0:20:01]} Nd7 {[%emt 0:00:00]} 17. Rac1 {[%emt 0:03:35]} Nc5 {[%emt 0:05:01]} 18. Qa3 {[%emt 0:04:05]} Rcb8 {[%emt 0:00:00]} 19. Rfd1 {[%emt 0:02:04]} Bf8 {[%emt 0:15:28]} 20. b3 {[%emt 0:08:10]} Ra6 {[%emt 0:00:00]} 21. Be3 {[%emt 0:08:59]} Ne6 {[%emt 0:00:00]} 22. Rc2 {[%emt 0:00:11]} a4 {[%emt 0:00:00]} 23. b4 {[%emt 0:01:41]} Nd4 {[%emt 0:02:51]} 24. Bxd4 {[%emt 0:04:21]} exd4 {[%emt 0:00:00]} 25. Rxd4 {[%emt 0:00:06]} Rab6 {[%emt 0:00:00]} 26. c5 {[%emt 0:00:36]} dxc5 {[%emt 0:00:00]} 27. bxc5 {[%emt 0:02:03]} Rb1+ {[%emt 0:00:00]} 28. Bf1 {[%emt 0:01:37]} Qe5 {[%emt 0:00:00]} 29. Qe3 {[%emt 0:00:12]} Qxe3 {[%emt 0:00:00]} 30. fxe3 {[%emt 0:00:02]} a3 {[%emt 0:00:00]} 31. Kf2 {[%emt 0:01:55]} R1b2 {[%emt 0:00:00]} 32. Rc3 {[%emt 0:04:40]} Ra8 {[%emt 0:00:00]} 33. Bg2 {[%emt 0:00:00]} Ra6 {[%emt 0:00:57]} 34. Rd8 {[%emt 0:00:35]} Rxa2 {[%emt 0:00:00]} 35. Rb3 {[%emt 0:01:11]} Rc2 {[%emt 0:02:05]} 36. Rb1 {[%emt 0:00:00]} a2 {[%emt 0:00:00]} 37. Ra1 {[%emt 0:00:00]} Kg7 {[%emt 0:00:00]} 38. Be4 {[%emt 0:00:00]} Rb2 {[%emt 0:00:00]} 39. Rc8 {[%emt 0:00:00]} Be7 {[%emt 0:00:00]} 40. Rxc6 {[%emt 0:00:00]} Rxc6 {[%emt 0:00:00]} 41. Bxc6 {[%emt 0:06:56]} Rd2 {[%emt 0:00:00]} 42. Ke1 {[%emt 0:00:00]} Bf6 {[%emt 0:00:00]} 0-1

[Event "VI Sunway Sitges Open 2019"]
[Site "Sitges"]
[Date "2019.12.18"]
[Round "6.26"]
[White "Stefansson, Hannes"]
[Black "Dhulipalla Bala Chandra Prasad"]
[Result "1/2-1/2"]
[WhiteElo "2538"]
[BlackElo "2414"]
[Annotator "ChessBase"]
[PlyCount "92"]
[EventDate "2019.12.13"]
[EventType "swiss"]
[EventCountry "ESP"]
[SourceTitle "playchess.com"]
[Source "ChessBase"]
[SourceQuality "1"]
[TimeControl "40/5400+30:1800+30"]

1. e4 {[%emt 20:32:55]} e5 {[%emt 0:00:06]} 2. Nf3 {[%emt 0:00:11]} Nc6 {[%emt 0:00:06]} 3. Bb5 {[%emt 0:00:14]} a6 {[%emt 0:00:04]} 4. Ba4 {[%emt 0:00:11]} Nf6 {[%emt 0:00:05]} 5. O-O {[%emt 0:00:14]} Be7 {[%emt 0:00:05]} 6. Re1 {[%emt 0:00:30]} b5 {[%emt 0:00:06]} 7. Bb3 {[%emt 0:00:12]} d6 {[%emt 0:00:05]} 8. c3 {[%emt 0:00:15]} O-O {[%emt 0:00:07]} 9. h3 {[%emt 0:00:17]} Nb8 {[%emt 0:00:05]} 10. d4 {[%emt 0:00:19]} Nbd7 {[%emt 0:00:05]} 11. Nbd2 {[%emt 0:00:18]} Bb7 {[%emt 0:00:06]} 12. Bc2 {[%emt 0:00:30]} Re8 {[%emt 0:00:06]} 13. Nf1 {[%emt 0:00:20]} Bf8 {[%emt 0:00:08]} 14. Ng3 {[%emt 0:00:23]} g6 {[%emt 0:00:06]} 15. b3 {[%emt 0:01:02]} a5 {[%emt 0:00:06]} 16. a4 {[%emt 0:01:22]} b4 {[%emt 0:00:31]} 17. cxb4 {[%emt 0:01:12]} axb4 {[%emt 0:00:06]} 18. dxe5 {[%emt 0:09:31]} dxe5 {[%emt 0:01:40]} 19. Bb2 {[%emt 0:07:41]} Bh6 {[%emt 0:02:33]} 20. Bd3 {[%emt 0:05:19]} Nc5 {[%emt 0:16:53]} 21. Bb5 {[%emt 0:04:58]} Qxd1 {[%emt 0:07:28]} 22. Raxd1 {[%emt 0:00:53]} c6 {[%emt 0:00:09]} 23. Bc4 {[%emt 0:01:43]} Nfd7 {[%emt 0:02:37]} 24. Bc1 {[%emt 0:05:13]} Bxc1 {[%emt 0:11:27]} 25. Rxc1 {[%emt 0:00:08]} Ba6 {[%emt 0:00:24]} 26. Red1 {[%emt 0:01:17]} Re7 {[%emt 0:04:57]} 27. Nd2 {[%emt 0:01:15]} Bxc4 {[%emt 0:20:51]} 28. Rxc4 {[%emt 0:00:33]} Re6 {[%emt 0:00:29]} 29. Nf3 {[%emt 0:10:58]} Rb8 {[%emt 0:02:20]} 30. Ne2 {[%emt 0:01:49]} Rb7 {[%emt 0:08:00]} 31. Nc1 {[%emt 0:00:17]} f6 {[%emt 0:01:36]} 32. Nh2 {[%emt 0:05:43]} Kf8 {[%emt 0:03:25]} 33. Nf1 {[%emt 0:01:07]} Ke7 {[%emt 0:03:07]} 34. Ne3 {[%emt 0:00:22]} Rd6 {[%emt 0:04:10]} 35. f3 {[%emt 0:00:36]} Nxa4 {[%emt 0:07:23]} 36. bxa4 {[%emt 0:07:19]} b3 {[%emt 0:00:18]} 37. Nd3 {[%emt 0:05:02]} Rxd3 {[%emt 0:04:25]} 38. Rxd3 {[%emt 0:00:06]} b2 {[%emt 0:00:03]} 39. Rd1 {[%emt 0:00:06]} b1=Q {[%emt 0:00:07]} 40. Rxb1 {[%emt 0:00:03]} Rxb1+ {[%emt 0:00:05]} 41. Kf2 {[%emt 0:00:04]} Kd6 {[%emt 0:12:15]} 42. Rc2 {[%emt 0:02:04]} Ra1 {[%emt 0:01:28]} 43. Nc4+ {[%emt 0:00:08]} Kc7 {[%emt 0:00:25]} 44. a5 {[%emt 0:00:33]} Nc5 {[%emt 0:05:08]} 45. g4 {[%emt 0:10:34]} Nb3 {[%emt 0:06:13]} 46. g5 {[%emt 0:01:39]} Nxa5 {[%emt 0:04:00]} 1/2-1/2

[Event "VI Sunway Sitges Open 2019"]
[Site "Sitges"]
[Date "2019.12.18"]
[Round "6.27"]
[White "Batsiashvili, Nino"]
[Black "Sindarov, Javokhir"]
[Result "1/2-1/2"]
[WhiteElo "2447"]
[BlackElo "2526"]
[Annotator "TA"]
[PlyCount "149"]
[EventDate "2019.12.13"]
[EventType "swiss"]
[EventCountry "ESP"]
[SourceTitle "playchess.com"]
[Source "ChessBase"]
[SourceQuality "1"]

{[%evp 14,149,45,20,41,17,14,11,35,35,66,52,72,68,68,70,77,83,68,82,125,118,110,113,142,141,132,88,88,81,80,79,48,6,41,31,37,0,0,0,0,0,0,-3,-4,-18,28,-83,-47,-118,-116,-117,-122,-163,-163,-174,-174,-167,-173,-601,-214,-251,-239,-229,-175,-198,-197,-202,-185,-223,-227,-226,-225,-219,-139,-146,-133,-140,-143,-144,-145,-142,-146,-137,-130,-149,-108,-137,-133,-199,-168,-157,-151,-222,-181,-173,-84,-170,-88,-72,0,-31,-32,-52,-49,-826,-791,-1038,-999,-945,-832,-492,0,0,0,0,0,0,0,0,0,0,0,0,0,-21,-21,-22,-8,-8,0,0,0,0,0,0,0,0]} 1. Nf3 Nf6 2. c4 g6 3. g3 Bg7 4. Bg2 d6 5. d4 O-O 6. O-O c6 7. Nc3 Qb6 8. Qc2 Bg4 {E62: King's Indian: Fianchetto: 6...c6 and Panno Variation (6...Nc6) without ...a6} (8... Qa6 9. Nd2 Be6 10. d5 cxd5 11. cxd5 Bg4 12. Nb3 Qc4 13. h3 Bd7 14. e4 Na6 15. Be3 Nb4 16. Qb1 {1-0 (67) Leko,P (2723)-Berg,E (2587) Malmo 2012}) 9. c5 dxc5 $146 ({Predecessor:} 9... Qc7 10. cxd6 exd6 11. e4 Na6 12. Be3 Rfe8 13. Nh4 Bd7 14. h3 c5 15. Rad1 Rac8 16. d5 {0-1 (51) Weerawardane,R (2131)-Dzhumaev,M (2553) Incheon 2013}) 10. Na4 Qb5 11. Nxc5 Na6 12. a4 $1 {[%cal Ra4b5]} Qb6 13. a5 $36 {[%mdl 2048] White has some pressure.} Qb5 14. Nxa6 Qxa6 15. e4 Rfd8 16. Be3 Be6 17. Rfc1 Qb5 18. Ng5 Bb3 19. Qd2 c5 20. Rxc5 Qxc5 21. dxc5 Rxd2 22. Bxd2 Rd8 23. Bc3 h6 24. e5 Nd5 25. Ne4 Nxc3 26. Nxc3 Bxe5 27. Bxb7 Rd2 $1 28. c6 {Hoping for Re1.} Rxb2 29. Rc1 $1 Kg7 30. Nd1 (30. Nb5 $11 {remains equal.}) 30... Rc2 31. Rb1 (31. Rxc2 $15 Bxc2 32. Ne3) 31... Ba4 $17 32. Ne3 Rc5 33. h4 Bc7 ({Weaker is} 33... Rxa5 34. Nc4 $16) 34. a6 e6 35. Rb4 Bxc6 36. Nc4 $2 (36. Bxc6 Rxc6 37. Rc4 Rxc4 38. Nxc4) 36... Bb5 $2 (36... Ba5 37. Rb2 Rxc4 38. Bxc6 Rxc6) 37. Na3 Rc1+ 38. Kh2 Bc6 {[%csl Gc6][%cal Rc1h1]} 39. f3 Bd5 40. Nb5 Rc2+ 41. Kh1 Bb6 42. Rb1 Ba2 43. Ra1 Rb2 44. Nc3 Bc4 {Threatens to win with ...Rc2.} 45. Na4 Rb4 {...Bd4 is the strong threat.} 46. Nxb6 Rxb6 {[%mdl 4096] Endgame KRB-KRB} 47. g4 Kf6 48. Kg2 g5 49. Kg3 Bd5 50. Bxd5 exd5 {KR-KR} 51. h5 (51. hxg5+ $17 hxg5 52. Rh1) 51... Ke5 52. Re1+ Kd6 53. Ra1 (53. f4 $17) 53... Rb2 54. Ra4 Kc5 (54... f6 $19 {and Black stays clearly on top.} 55. Ra5 Rb3) 55. Ra5+ {[#]} (55. Ra1 $17) 55... Kd4 (55... Rb5 $1 $19 {[%cal Rb5a5]} 56. Ra2 Rb6) 56. Ra1 Ke3 ({Black should try} 56... Rb6 $17 57. Rc1 Rxa6) 57. Re1+ Re2 58. Rb1 Ra2 $1 59. Rb7 $2 {[%mdl 8192]} (59. Re1+ $15 Kd2 60. Re7) 59... Rxa6 $19 60. Rxf7 d4 61. Re7+ Kd2 62. f4 gxf4+ $2 (62... d3 $19 {Strongly threatening ...Rc6.} 63. f5 Rd6) 63. Kxf4 $11 {The position is equal.} d3 {White must now prevent ...Rf6+.} 64. g5 Ra4+ 65. Kf5 $1 Ra5+ 66. Kg6 Ra6+ 67. Kf5 Rc6 68. gxh6 Kc2 {And now ...d2 would win.} 69. h7 d2 70. Rd7 Rh6 71. Rc7+ Kd3 72. Rxa7 Rxh5+ (72... d1=Q $5 73. Rd7+ $8 {[#]} Ke2 $1 {[%mdl 512]} 74. Rxd1 Kxd1 $11) 73. Kg6 {[#] Rd7+ would kill now.} Rxh7 $1 {[%mdl 512]} 74. Rxh7 d1=Q 75. Rd7+ {Accuracy: White = 43%, Black = 58%.} 1/2-1/2

[Event "VI Sunway Sitges Open 2019"]
[Site "Sitges"]
[Date "2019.12.18"]
[Round "6.28"]
[White "Bjerre, Jonas Buhl"]
[Black "Rathanvel, V S"]
[Result "1/2-1/2"]
[WhiteElo "2526"]
[BlackElo "2410"]
[Annotator "ChessBase"]
[PlyCount "55"]
[EventDate "2019.12.13"]
[EventType "swiss"]
[EventCountry "ESP"]
[SourceTitle "playchess.com"]
[Source "ChessBase"]
[SourceQuality "1"]
[TimeControl "40/5400+30:1800+30"]

1. e4 {[%emt 0:00:00]} c5 {[%emt 0:00:59]} 2. Nf3 {[%emt 0:00:00]} d6 {[%emt 0:00:14]} 3. d4 {[%emt 0:00:00]} cxd4 {[%emt 0:00:07]} 4. Nxd4 {[%emt 0:00:00]} Nf6 {[%emt 0:00:15]} 5. Nc3 {[%emt 0:00:12]} a6 {[%emt 0:00:49]} 6. f3 {[%emt 0:00:18]} e5 {[%emt 0:00:47]} 7. Nb3 {[%emt 0:00:09]} Be6 {[%emt 0:00:08]} 8. Be3 {[%emt 0:00:16]} h5 {[%emt 0:00:41]} 9. Nd5 {[%emt 0:00:37]} Nxd5 {[%emt 0:00:38]} 10. exd5 {[%emt 0:00:15]} Bf5 {[%emt 0:00:08]} 11. Bd3 {[%emt 0:01:33]} Bxd3 {[%emt 0:00:11]} 12. Qxd3 {[%emt 0:00:06]} Nd7 {[%emt 0:00:25]} 13. O-O-O {[%emt 0:03:54]} Be7 {[%emt 0:00:14]} 14. Kb1 {[%emt 0:03:38]} Rc8 {[%emt 0:03:53]} 15. Rhe1 {[%emt 0:08:39]} O-O {[%emt 0:06:20]} 16. g4 {[%emt 0:04:32]} hxg4 {[%emt 0:13:46]} 17. fxg4 {[%emt 0:02:13]} Bg5 {[%emt 0:08:16]} 18. h4 {[%emt 0:10:16]} Bxe3 {[%emt 0:03:35]} 19. Rxe3 {[%emt 0:01:30]} Nc5 {[%emt 0:17:05]} 20. Nxc5 {[%emt 0:07:02]} Rxc5 {[%emt 0:00:04]} 21. g5 {[%emt 0:06:24]} b5 {[%emt 0:06:58]} 22. b3 {[%emt 0:10:21]} Qd7 {[%emt 0:11:35]} 23. Rg1 {[%emt 0:05:19]} Rfc8 {[%emt 0:14:31]} 24. Re2 {[%emt 0:01:38]} Rc3 {[%emt 0:04:49]} 25. Qe4 {[%emt 0:00:07]} Qh3 {[%emt 0:00:16]} 26. Rf2 {[%emt 0:07:24]} Qe3 {[%emt 0:04:30]} 27. Qf5 {[%emt 0:08:00]} Rxc2 {[%emt 0:00:02]} 28. Qxf7+ {[%emt 0:04:50]} 1/2-1/2

[Event "VI Sunway Sitges Open 2019"]
[Site "Sitges"]
[Date "2019.12.18"]
[Round "6.29"]
[White "Narciso Dublan, Marc"]
[Black "Zadruzny, Nicolaj"]
[Result "0-1"]
[WhiteElo "2516"]
[BlackElo "2308"]
[Annotator "TA"]
[PlyCount "148"]
[EventDate "2019.12.13"]
[EventType "swiss"]
[EventCountry "ESP"]
[SourceTitle "playchess.com"]
[Source "ChessBase"]
[SourceQuality "1"]

{[%evp 9,148,21,19,17,26,22,24,0,11,13,25,-1,-12,-31,-16,-21,-19,-31,-31,-35,-22,-43,-53,-61,0,0,0,0,10,0,101,100,103,68,49,39,56,-72,-69,-68,-61,-40,-10,-254,-220,-241,-233,-226,-215,-253,-224,-329,-250,-246,-174,-300,-232,-247,-244,-236,-240,-262,-261,-268,-268,-266,-262,-260,-243,-273,-270,-294,-291,-339,-333,-326,-337,-343,-335,-320,-313,-348,-334,-291,-323,-869,-639,-553,-239,-204,-176,-198,-108,-133,-136,-1341,-1324,-1496,-1533,-1486,-1368,-1202,-1198,-12837,-12836,-12839,-12839,-12838,-1120,-1507,-1466,-3462,-1201,-1431,-1000,-1667,-1530,-1100,-179,-611,-516,-339,0,0,0,0,0,0,0,-12850,-12850,-12850,-12851,-27999,-27999,-27991,-27999,-27991,-27991,-27992,-27992]} 1. e4 e5 2. Nf3 Nc6 3. Bb5 Nf6 4. d3 Bc5 5. Bxc6 dxc6 6. Nbd2 {C65: Ruy Lopez: Berlin Defence (3...Nf6), unusual lines and 4 0-0 Bc5} Be6 7. O-O Nd7 8. b3 {White has an edge.} (8. Nb3 Bb6 9. Ng5 Bxb3 10. axb3 Qe7 11. Nf3 O-O 12. Nd2 Nc5 13. Nc4 f6 {1-0 (102) Dominguez Perez,L (2763)-Wang,H (2726) Khanty-Mansiysk 2019}) 8... Bg4 $146 ({Predecessor:} 8... O-O 9. Bb2 f6 10. d4 Bd6 11. Qe2 Bg4 12. Rfe1 exd4 13. Bxd4 Qe7 {½-½ (57) Quesada Perez,Y (2622)-Bok,B (2639) Saint Louis 2018}) 9. Bb2 f6 10. Qe1 Nf8 11. Kh1 Ne6 12. Ng1 Qd7 13. Nc4 Bh5 14. Ne2 a6 15. f4 Bxe2 16. Qxe2 exf4 (16... b5 $1 $15 17. fxe5 bxc4) 17. d4 $1 $36 {[%cal Rd4c5][%mdl 2048] White has some pressure.} Be7 $1 (17... Bxd4 $6 18. Rad1 $16) 18. d5 Ng5 (18... cxd5 $2 19. exd5 Qxd5 20. Rad1 $16) 19. d6 f3 (19... Bxd6 $11 {keeps the balance.} 20. e5 fxe5) 20. gxf3 $16 Bxd6 21. f4 Nf7 22. e5 Qe6 23. Qg2 (23. exd6 $14 Qxe2 24. Rfe1 Qxe1+ 25. Rxe1+ Kd8 26. dxc7+ Kd7 27. Nb6+ {[%mdl 64] Double Attack} Kd6 28. Rg1 (28. Nxa8 Rxa8 29. Rg1 g6 $11)) 23... fxe5 $17 24. fxe5 Bc5 25. Rad1 O-O 26. Rd3 $2 (26. Rf6 $1 $11 {and White stays safe.} Rad8 27. Rxd8 (27. Rg1 $2 Qd5 $19) 27... Rxd8 28. Nd6 (28. Rxe6 $2 {perishes.} Rd1+ 29. Qf1 Rxf1+ 30. Kg2 Rg1+ 31. Kf3 Ng5+ {[%mdl 64] Double Attack} 32. Ke2 Nxe6 $19)) 26... Nh6 27. Rdf3 Rxf3 28. Rxf3 Rd8 29. Rd3 Rf8 {Hoping for ...Rf2.} 30. Rf3 (30. Ne3 $142) 30... Nf5 31. Nd2 Rf7 {Strongly threatening ...Nh4.} 32. Qe2 (32. Qg5 $142) 32... Bd4 33. Qc4 Qxc4 34. Nxc4 Bxb2 35. Nxb2 Nh4 36. Rxf7 Kxf7 $19 {[%mdl 4096] Endgame KN-KN} 37. Nd3 {[#]} a5 $1 38. Kg1 b6 39. Kf2 Ke6 40. Ke3 Kf5 41. b4 axb4 42. Nxb4 c5 ({Less strong is} 42... Kxe5 43. Nxc6+ Kd5 44. Nb4+ Kc4 45. Na6 $17) 43. Nd5 Kxe5 44. Nxc7 Nf5+ 45. Kd3 g5 46. Na8 b5 47. c4 $2 (47. Nb6 Kd6 48. Ke4) 47... bxc4+ 48. Kxc4 Kd6 (48... Ne3+ $142 49. Kd3 Ng4) 49. Nb6 Kc6 50. Na4 Ne3+ (50... Nd6+ $19 51. Kd3 c4+ 52. Kd4 g4) 51. Kd3 $17 Ng4 {Threatens to win with ...h5.} 52. Nc3 $2 {[%mdl 8192]} (52. h3 $17 Nf2+ 53. Kc4) 52... Nxh2 $19 53. Ne4 g4 54. Ng3 Kb5 55. Kc3 Nf3 56. a4+ Kc6 57. Nh5 Ne5 58. Kd2 c4 (58... Kb6 $142 59. Ng3 Ka5) 59. Kc3 Kc5 60. Nf6 h6 (60... Kb6 $142 61. Nd5+ Ka5) 61. Ne4+ Kd5 62. Nf6+ Ke6 63. Nh5 Nd7 $2 (63... Nc6 64. Kxc4 Kf5) 64. a5 $2 (64. Kxc4 Kf5 65. a5) 64... Kd5 65. a6 {[%cal Ba5a6,Ba6a7][%mdl 32] [#]} Kc5 $2 (65... Nb6 $1 $19 {And now ...Kc6 would win.} 66. Nf6+ {[%mdl 64] Double Attack} Kc6 67. Nxg4 h5) 66. a7 $11 Nb6 67. Nf6 {Black must now prevent Nd7+!} Kc6 {...g3 is the strong threat.} 68. Nxg4 h5 69. Ne3 $2 {[%mdl 8192]} (69. a8=R $11 Nxa8 70. Nf6) 69... Kb7 $19 70. Kd4 Kxa7 71. Nxc4 Nxc4 {Black mates.} 72. Ke4 Nd6+ 73. Kf4 h4 {( -> ...Kb7)} 74. Kg4 {[#]} Nf5 $1 {Accuracy: White = 31%, Black = 64%.} 0-1

[Event "VI Sunway Sitges Open 2019"]
[Site "Sitges"]
[Date "2019.12.18"]
[Round "6.30"]
[White "Raja Harshit"]
[Black "Aroshidze, Levan"]
[Result "1/2-1/2"]
[WhiteElo "2447"]
[BlackElo "2514"]
[Annotator "TA"]
[PlyCount "63"]
[EventDate "2019.12.13"]
[EventType "swiss"]
[EventCountry "ESP"]
[SourceTitle "playchess.com"]
[Source "ChessBase"]
[SourceQuality "1"]

{[%evp 14,63,44,34,67,37,73,65,75,75,75,69,79,85,80,57,111,110,152,154,151,144,164,154,166,155,164,162,206,101,125,118,73,-56,-41,-36,-45,-128,-122,-112,-105,-136,-138,-455,-431,-508,211,112,29993,29989,29989,29990]} 1. e4 c5 2. Nf3 e6 3. d4 cxd4 4. Nxd4 a6 5. c4 Nf6 6. Nc3 Qc7 7. Be2 Bb4 8. Nc2 Be7 {B41: Sicilian: Kan Variation: 5 c4} 9. g4 (9. f4 d6 10. O-O Nbd7 11. Be3 b6 12. Rc1 O-O 13. Nd4 Bb7 14. Bf3 Nc5 15. Qc2 Rac8 16. g4 {1-0 (56) Grandelius,N (2688)-Hillarp Persson,T (2563) Malmo 2019}) 9... d6 10. Be3 Nc6 {White is slightly better.} 11. g5 Nd7 12. Qd2 $146 ({Predecessor:} 12. h4 b6 13. h5 Bb7 14. Qd2 O-O-O 15. O-O-O Kb8 16. Kb1 {1-0 (66) Salomon,J (2477)-Ahmed,A (2271) Batumi 2018}) 12... b6 13. h4 Bb7 14. O-O-O Rc8 (14... Na5 $14) 15. b3 $1 $16 Na5 16. Kb2 O-O 17. h5 Rfd8 18. g6 Bf6 19. gxh7+ Kxh7 20. Bd4 b5 21. Bxf6 (21. cxb5 $18 e5 22. Be3 Qxc3+ 23. Qxc3 Rxc3 24. Kxc3 Bxe4 25. Kb4 (25. bxa6 Rc8+ 26. Kb4 Rxc2 $11 {[%mdl 64] Double Attack}) 25... axb5 26. Kxa5 Ra8+ 27. Kxb5 Rb8+ 28. Ka4 Ra8+ 29. Kb4 Bxc2 30. Bd3+ Bxd3 31. Rxd3) 21... Nxf6 22. Rdg1 $40 {[%mdl 128] Strongly threatening Qg5. White is out for blood.} bxc4 23. b4 ({Only move:} 23. Qg5 $16 {[%csl Gg1][%cal Rg5g7]} Ne8 24. b4) 23... Nxe4 $15 24. Nxe4 (24. Qd4 $2 e5 $19) 24... Bxe4 25. Qd4 ({Better is} 25. Qc3 $1 $15 f6 26. Rh4) 25... f5 $17 26. h6 {[%cal Rh6g7] [#]} g6 $1 {[#]} 27. Rxg6 $1 {[%mdl 512] [#]} Rg8 $1 (27... Kxg6 28. Rg1+) 28. Rxe6 $2 {[%mdl 8192]} (28. Rxg8 $17 {nothing else works.} Rxg8 29. Rc1) 28... c3+ ({Weaker is} 28... Bxh1 29. Qf6 $11) 29. Ka3 Rcd8 $4 {[%mdl 8192]} (29... Bxh1 $2 {too greedy.} 30. Qf6 $18) (29... Nc6 $19 {avoids the disaster.} 30. Qxc3 Bxh1) 30. Qf6 ({White should play} 30. Rh3 $18 Nc6 31. Rxc3 (31. Qxc3 Qd7 $16)) 30... Bd5 $2 {[%mdl 8192]} (30... Rd7 $16 31. Rh3 Nc6 32. Rxc3 Rf7) 31. Re7+ Qxe7 32. Qxe7+ {[%mdl 32768] Accuracy: White = 43%, Black = 31%. . An unexpected result.} 1/2-1/2

[Event "VI Sunway Sitges Open 2019"]
[Site "Sitges"]
[Date "2019.12.18"]
[Round "6.31"]
[White "Girish, A. Koushik"]
[Black "Jimenez Ruano, Adrian"]
[Result "1-0"]
[WhiteElo "2506"]
[BlackElo "2263"]
[Annotator "ChessBase"]
[PlyCount "89"]
[EventDate "2019.12.13"]
[EventType "swiss"]
[EventCountry "ESP"]
[SourceTitle "playchess.com"]
[Source "ChessBase"]
[SourceQuality "1"]
[TimeControl "40/5400+30:1800+30"]

1. Nf3 {[%emt 0:00:00]} f5 {[%emt 0:00:00]} 2. d3 {[%emt 0:03:03]} Nf6 {[%emt 0:00:25]} 3. e4 {[%emt 0:00:06]} d6 {[%emt 0:00:06]} 4. Nc3 {[%emt 0:00:59]} g6 {[%emt 0:03:09]} 5. h4 {[%emt 0:06:09]} Bg7 {[%emt 0:00:55]} 6. exf5 {[%emt 0:04:20]} Bxf5 {[%emt 0:04:44]} 7. Be2 {[%emt 0:00:42]} e5 {[%emt 0:06:03]} 8. h5 {[%emt 0:02:31]} Nc6 {[%emt 0:09:59]} 9. Nh4 {[%emt 0:11:14]} Nd4 {[%emt 0:08:48]} 10. Nxf5 {[%emt 0:04:00]} Nxf5 {[%emt 0:03:51]} 11. g4 {[%emt 0:03:32]} Nd4 {[%emt 0:00:08]} 12. g5 {[%emt 0:00:09]} Nd7 {[%emt 0:00:08]} 13. Bg4 {[%emt 0:00:07]} c6 {[%emt 0:03:34]} 14. Ne2 {[%emt 0:09:16]} Qe7 {[%emt 0:03:14]} 15. h6 {[%emt 0:00:59]} Bf8 {[%emt 0:00:10]} 16. Nxd4 {[%emt 0:00:19]} exd4+ {[%emt 0:00:06]} 17. Qe2 {[%emt 0:00:23]} Qxe2+ {[%emt 0:05:21]} 18. Kxe2 {[%emt 0:00:13]} O-O-O {[%emt 0:02:32]} 19. f4 {[%emt 0:00:45]} d5 {[%emt 0:01:57]} 20. Bd2 {[%emt 0:01:10]} Bd6 {[%emt 0:00:15]} 21. Raf1 {[%emt 0:01:21]} Kc7 {[%emt 0:03:03]} 22. f5 {[%emt 0:02:45]} Ne5 {[%emt 0:01:00]} 23. Bh3 {[%emt 0:00:41]} Rhf8 {[%emt 0:03:18]} 24. fxg6 {[%emt 0:04:16]} Nxg6 {[%emt 0:05:20]} 25. Bf5 {[%emt 0:00:44]} Rg8 {[%emt 0:00:38]} 26. Kd1 {[%emt 0:01:11]} Rdf8 {[%emt 0:04:15]} 27. Bxg6 {[%emt 0:03:20]} hxg6 {[%emt 0:00:44]} 28. c3 {[%emt 0:33:03]} c5 {[%emt 0:00:27]} 29. cxd4 {[%emt 0:00:32]} cxd4 {[%emt 0:00:02]} 30. h7 {[%emt 0:02:56]} Rh8 {[%emt 0:00:40]} 31. Rxf8 {[%emt 0:00:41]} Bxf8 {[%emt 0:00:05]} 32. Ke2 {[%emt 0:02:51]} Kd7 {[%emt 0:01:55]} 33. Kf3 {[%emt 0:00:15]} Ke6 {[%emt 0:02:44]} 34. Kg4 {[%emt 0:00:25]} Kf7 {[%emt 0:04:52]} 35. Bf4 {[%emt 0:00:12]} Bg7 {[%emt 0:00:01]} 36. a4 {[%emt 0:01:42]} Rc8 {[%emt 0:05:44]} 37. Rc1 {[%emt 0:00:37]} Rxc1 {[%emt 0:03:58]} 38. Bxc1 {[%emt 0:00:02]} Ke6 {[%emt 0:00:15]} 39. Bf4 {[%emt 0:00:04]} a6 {[%emt 0:11:27]} 40. Bb8 {[%emt 0:00:00]} Bh8 {[%emt 0:00:00]} 41. Kf4 {[%emt 0:00:24]} Bg7 {[%emt 0:03:03]} 42. Bc7 {[%emt 0:00:07]} Bh8 {[%emt 0:01:08]} 43. Bd8 {[%emt 0:00:17]} Be5+ {[%emt 0:00:07]} 44. Kg4 {[%emt 0:00:04]} Bg7 {[%emt 0:02:32]} 45. Bf6 {[%emt 0:00:08]} 1-0